Loading...
| Fine Arts - Classical Music | 0 | 13 | 1 | 2 | 125 | 12 | 104.00 | 2 | 4 | 20.36 | 43.58 |
| Social Science | 0 | 7 | 1 | 2 | 65 | 13 | 107.00 | 1 | 2 | 8.28 | 20.36 |
| History - European | 0 | 8 | 3 | 1 | 65 | 60 | 101.88 | 0 | 1 | 10.96 | 31.39 |
| History - World | 0 | 6 | 2 | 1 | 50 | 91 | 122.83 | 0 | 1 | 3.40 | 16.81 |
| Other Academic | 0 | 5 | 0 | 0 | 50 | 74 | 98.40 | 0 | 1 | 15.24 | 39.15 |
| Fine Arts - Other | 0 | 5 | 0 | 0 | 50 | 31 | 85.40 | 1 | 3 | 11.39 | 24.36 |
| Philosophy | 0 | 5 | 1 | 0 | 45 | 68 | 103.80 | 0 | 1 | 6.57 | 17.19 |
| History - American | 0 | 4 | 0 | 0 | 40 | 85 | 105.00 | 0 | 0 | 5.63 | 12.75 |
| Current Events | 0 | 4 | 2 | 0 | 30 | 62 | 95.25 | 1 | 1 | 11.74 | 24.82 |
| Geography | 0 | 3 | 0 | 0 | 30 | 106 | 126.00 | 0 | 0 | 4.54 | 16.69 |
| Literature - British | 0 | 3 | 0 | 0 | 30 | 93 | 113.67 | 0 | 0 | 3.84 | 7.73 |
| Literature - European | 0 | 3 | 1 | 1 | 25 | 134 | 149.00 | 0 | 0 | 0.76 | 4.83 |
| Religion | 0 | 3 | 1 | 0 | 25 | 35 | 86.33 | 0 | 2 | 5.94 | 10.93 |
| History - Other | 0 | 3 | 2 | 2 | 20 | 96 | 120.00 | 1 | 1 | 1.46 | 7.30 |
| Fine Arts - Painting & Sculpture | 0 | 3 | 2 | 1 | 20 | 114 | 132.00 | 0 | 0 | 1.56 | 5.99 |
| Science - Biology | 0 | 2 | 0 | 1 | 20 | 102 | 112.50 | 0 | 0 | 1.23 | 2.70 |
| Science - Other | 0 | 2 | 1 | 1 | 15 | 99 | 116.50 | 0 | 0 | 1.30 | 4.17 |
| Literature - World | 0 | 1 | 1 | 0 | 5 | 107 | 107.00 | 1 | 1 | 1.66 | 5.64 |
| Literature - American | 0 | 0 | 0 | 0 | 0 | 0.00 | 0 | 0 | 0.00 | 0.00 |